France VS Royaume-Uni - Statistiques

Statistiques générales
  • Ce quiz a été pris 122 fois
  • Le résultat moyen est 9 sur 20
Statistiques - réponses
Hint Réponse % Correct
S'est fait envahir le plus récemment France
81%
A eu l'Empire le plus étendu Royaume-Uni
71%
Est le plus proche des Pays-Bas France
67%
A donné le droit de vote aux femmes le dernier France
63%
A le plus d'Etats Américains dont le nom provient de sa langue Royaume-Uni
56%
Se voit revendiquer certains de ses territoires par d'autres pays Les deux
54%
A la monnaie la plus faible France
53%
S'étend le plus au Nord dans le Pacifique France
50%
A eu l'arme atomique le premier Royaume-Uni
46%
A le territoire le plus au sud de l'Europe Royaume-Uni
46%
A été dans une guerre personnelle le plus récemment Royaume-Uni
45%
Consomme le plus d'alcool par habitant France
42%
A déjà eu une Première Ministre Les deux
42%
A eu le plus de prix Nobel Royaume-Uni
38%
A déjà déclaré la guerre au Mexique France
31%
A eu le dirigeant politique à la plus longue période d'activité continue après 1837 France
30%
Se situe sous le 60° parallèle Royaume-Uni
25%
A aboli l'esclavage le premier Royaume-Uni
25%
A le PIB PPA le plus élevé selon les chiffres de 2018 Les deux
13%
A remporté 5 fois l'Eurovision Les deux
8%
Aucun quiz correspondant
Distribution des résultats
% des personnes avec chaque résultat
Percentile par nombre de réponses
Votre historique - résultats
Vous n’avez pas pris ce quiz